Enfoques sobre la teoría de la personalidad /

Contiene: 1. Introducción; 2. Teoría psicoanalítica de la personalidad; 3. Teorías interpersonales; 4. Teorías de rasgos y tipos; 5.-6. Teorías de banda estrecha; 7. Un enfoque del aprendizaje social.

Salvato in:
Dettagli Bibliografici
Autore principale: Peck, David (autor)
Altri autori: Whitlow, David (autor) (autor)
Natura: Libro
Lingua:spagnolo
Pubblicazione: México : CECSA, 1978, c1978
Soggetti:
Tags: Aggiungi Tag
Nessun Tag, puoi essere il primo ad aggiungerne!!

MARC

LEADER 00000nam^a2200000^a^4500
001 000305386
005 20250521000000.0
009 20260310112746.276
020 |a 968-26-0022-7 
037 |a Acervo Xavier Clavigero 
041 |a ESP 
082 |a 155. 2  |b PEC 
100 |a Peck, David  |e (autor) 
245 1 0 |a Enfoques sobre la teoría de la personalidad /  |c D. Peck, D. Whitlow ; tr. por Roberto Carrasco Ruiz. 
264 4 |a México :  |b CECSA,  |c 1978, c1978 
300 |a 131 p. 
336 |a texto  |b txt  |2 rdacontenido 
337 |a sin mediación  |b n  |2 rdamedio 
338 |a volumen  |b nc  |2 rdasoporte 
500 |a Traducción de: Approaches to Personality Theory 
520 |a Contiene: 1. Introducción; 2. Teoría psicoanalítica de la personalidad; 3. Teorías interpersonales; 4. Teorías de rasgos y tipos; 5.-6. Teorías de banda estrecha; 7. Un enfoque del aprendizaje social. 
649 |a XX 
650 |a Personalidad -  |x Teoría -  |x Tema Principal 
650 |a Psicoanálisis -  |x Teoría 
650 |a Psicología -  |x Teoría 
700 |a Whitlow, David  |e (autor) 
910 |a Fondo General 
920 |a Impresos - Libros 
930 |a Colección General 
905 |a 101 
901 |a 0500191576  |b IT1  |c ACC  |u 20250521 
902 |a https://opac.biblio.iteso.mx/vufind/Record/000305386